书目信息 |
| 题名: |
水利工程施工
|
|
| 作者: | 侍克斌 主编 | |
| 分册: | ||
| 出版信息: | 中国 中国水利水电出版社 2009.07 |
|
| 页数: | 362页 | |
| 开本: | 26cm | |
| 丛书名: | ||
| 单 册: | ||
| 中图分类: | TV5 | |
| 科图分类: | ||
| 主题词: | 水利工程--shui li gong cheng--工程施工--高等学校--教材 | |
| 电子资源: | ||
| ISBN: | 978-7-5084-6658-3 | |
| 000 | 00918nam0 2200253 450 | |
| 001 | 012010885156 | |
| 005 | 20100104142521.98 | |
| 010 | @a978-7-5084-6658-3@dCNY40.00 | |
| 100 | @a20100104d2009 em y0chiy0120 ea | |
| 101 | 0 | @achi |
| 102 | @aCN@b110000 | |
| 105 | @aak a 000yy | |
| 106 | @ar | |
| 200 | 1 | @a水利工程施工@Ashui li gong cheng shi gong@f侍克斌主编@Fshi ke bin zhu bian |
| 210 | @a中国@c中国水利水电出版社@d2009.07 | |
| 215 | @a362页@c图@d26cm | |
| 300 | @a高等学校水利学科专业规范核心课程教材 ·农业水利工程 | |
| 320 | @a有书目 (第360-362页) | |
| 330 | @a本书包括绪论、施工导流、爆破工程、地基处理与基础工程施工、土石坝施工、混凝土工程施工、地下建筑工程施工、施工总组织及施工招投标与管理等内容。 | |
| 606 | 0 | @a水利工程@Ashui li gong cheng@x工程施工@x高等学校@j教材 |
| 690 | @aTV5@v4 | |
| 701 | 0 | @a侍克斌@Ashi ke bin@4主编 |
| 801 | 0 | @aCN@bQSSK@c20100104 |
| 905 | @b770989-91@dTV5@eS609@f3 | |
| 水利工程施工/侍克斌主编.-中国:中国水利水电出版社,2009.07 |
| 362页:图;26cm |
| 高等学校水利学科专业规范核心课程教材 ·农业水利工程 |
| ISBN 978-7-5084-6658-3:CNY40.00 |
| 本书包括绪论、施工导流、爆破工程、地基处理与基础工程施工、土石坝施工、混凝土工程施工、地下建筑工程施工、施工总组织及施工招投标与管理等内容。 |
| ● |
| 相关链接 |
|
|
|
正题名:水利工程施工
索取号:TV5/S609
 
预约/预借
| 序号 | 登录号 | 条形码 | 馆藏地/架位号 | 状态 | 备注 |
| 1 | 770989 | 207709899 | 自科库501/501自科库 77排2列4层/ [索取号:TV5/S609] | 在馆 | |
| 2 | 770990 | 207709906 | 自科库501/501自科库 77排2列4层/ [索取号:TV5/S609] | 在馆 | |
| 3 | 770991 | 207709915 | 自科二线504/504自科库 41排3列6层/ [索取号:TV5/S609] | 在馆 |